<?xml version="1.0" encoding="UTF-8"?>
<record
    xmlns:xsi="http://www.w3.org/2001/XMLSchema-instance"
    xsi:schemaLocation="http://www.loc.gov/MARC21/slim http://www.loc.gov/standards/marcxml/schema/MARC21slim.xsd"
    xmlns="http://www.loc.gov/MARC21/slim">

  <leader>00499nam a2200181 i 4500</leader>
  <controlfield tag="001">sa 67004357 </controlfield>
  <controlfield tag="003">DLC</controlfield>
  <controlfield tag="005">20260227112345.0</controlfield>
  <controlfield tag="008">811015s1966    bg            00010 ben  </controlfield>
  <datafield tag="010" ind1=" " ind2=" ">
    <subfield code="a">sa 67004357 //r81</subfield>
  </datafield>
  <datafield tag="050" ind1="0" ind2=" ">
    <subfield code="a">PK1718.I79</subfield>
    <subfield code="b">C5</subfield>
  </datafield>
  <datafield tag="100" ind1="1" ind2="0">
    <subfield code="a">Islam, Azharul,</subfield>
    <subfield code="d">1913-</subfield>
  </datafield>
  <datafield tag="245" ind1="1" ind2="0">
    <subfield code="a">Ch&#x101;&#x1E8F;&#x101;patha /</subfield>
    <subfield code="c">&#x100;jah&#x101;rula Isal&#x101;ma.</subfield>
  </datafield>
  <datafield tag="260" ind1="0" ind2=" ">
    <subfield code="a">&#x1E0C;h&#x101;ka :</subfield>
    <subfield code="b">Iusuphaj&#x12B; P&#x101;balike&#x15B;&#x101;sna,</subfield>
    <subfield code="c">[1966]</subfield>
  </datafield>
  <datafield tag="300" ind1=" " ind2=" ">
    <subfield code="a">5, 2, 2, 174, 2 p. ;</subfield>
    <subfield code="c">22 cm.</subfield>
  </datafield>
  <datafield tag="500" ind1=" " ind2=" ">
    <subfield code="a">In Bengali.</subfield>
  </datafield>
  <datafield tag="500" ind1=" " ind2=" ">
    <subfield code="a">Poems.</subfield>
  </datafield>
  <datafield tag="999" ind1=" " ind2=" ">
    <subfield code="c">74414</subfield>
    <subfield code="d">74414</subfield>
  </datafield>
</record>
